000 00271nam a2200109Ia 4500
008 200302s9999 xx 000 0 und d
100 _aOlever Heckmann and Others
245 _aFloor plan manual housing
260 _bBirkhauser Verlag Gmbh
260 _c2018
300 _a368
999 _c7287
_d7287